Statystyki dla Quiz o województwie kujawsko-pomorskim

Kliknij tutaj aby rozwiązać quiz!

Ogólne statystyki

  • Ten quiz został rozwiązany 1 755 razy
    (1 733 od ostatniego zresetowania)
  • Średni wynik to 8 z 15

Statystyki odpowiedzi

PytanieOdpowiedź% Poprawnych
Stolica (Siedziba wojewody)Bydgoszcz
99%
Stolica (siedziba sejmiku)Toruń
99%
Rzeka przepływająca przez 4 największe miasta w województwieWisła
86%
Województwo graniczące z kujawsko-pomorskim od zachoduwielkopolskie
85%
Znana marka keczupu pochodząca od nazwy miastaWłocławek
68%
Popularna miejscowość uzdrowiskowa wspomniana w piosence "Maxi Kaz"Ciechocinek
59%
Została przez nich zbudowana większość zamków we wschodniej części województwaZakon Krzyżacki
57%
Wieś na Pojezierzu Gnieźnieńskim w której znajduje się zrekonstruowana osada kultury łużyckiejBiskupin
46%
Miasto kojarzone z legendą o królu PopieluKruszwica
46%
Największy powiat pod względem wielkości powierzchniwłocławski
42%
Województwo kujawsko-pomorskie odpowiada za 17% ogólnopolskiej produkcji tego warzywaBurak cukrowy
37%
Nazwa rozwiązanego z końcem 2021r. klubu sportowego, którego członkami byli m.in. biegacz Marcin Lewandowski czy tyczkarz Paweł WojciechowskiZawisza Bydgoszcz
36%
Międzynarodowy Festiwal Sztuki Autorów Zdjęć Filmowych, który co roku odbywa się w województwie, a jego główną nagrodą jest złota żabaCamerimage
16%
WojewodaMichał Sztybel
14%
Kraina historyczna położona w zachodniej części województwaKrajna
12%

Rozkład punktacji

Percentyl według liczby udzielonych odpowiedzi

Procent ludzi z każdym wynikiem

Twoja historia wyników

Nie rozwiązałeś tego quizu od ostatniego zresetowania